| 000 | 00454nam a2200097Ia 4500 | ||
|---|---|---|---|
| 008 | 220214s9999 xx 000 0 und d | ||
| 100 | _aBloomfield GF | ||
| 245 | 4 | _aThe course of autoxidation reactions in polyisoprenes and allied compounds. Part III. The oxidation of rubber in the presence of acetic acid or acetic anhydride (British Rubber Producers Research Association Publication No 38) | |
| 260 |
_bJournal of the Chemical Society _c1943 |
||
| 942 | _cRE | ||
| 999 |
_c46263 _d46263 |
||